Responses for Show #9418 - Wednesday, October 22, 2025

Contestants

[<< previous game]

Emmanuel Calivo, an airport customer service agent from San Jose, California

Katy Lentz, a university brand manager from Mauldin, South Carolina

Tom Devlin, an attorney from Washington, D.C. (whose 1-day cash winnings total $22,599)

[next game >>]

Jeopardy! Round responses

HAPPY 80th, UNITED NATIONS!
MUSICAL THEATER
ON A FIRST NAME BASIS
WAR BOOKS
(Ken: You'll have to name the war that both books deal with.)
3 OF THE SAME LETTER
SOME CLOWNS MEAN WELL
    $200 28
San Francisco

Tom
    $200 5
The Color Purple

Emmanuel
    $200 8
Nigella

Tom
    $200 29
World War I

Emmanuel
    $200 30
escapee

Katy
    $200 22
Ronald McDonald

Emmanuel
    $400 27
Refugees

Emmanuel
    $400 15
(Ken: Here's Oscar-winning costume designer Paul Tazewell...)

Hamilton

Tom
    $400 12
(Tom: What is Central Michigan?)
(Ken: No.)
(Tom: Oh!)
...
(Ken: That's correct--[*] Carnegie and [*] Mellon.)

Andrew

TomEmmanuel
    $400 14
World War II

Tom
    $400 9
(Tom: Oh!)
(Ken: Three K's, Tom just thought of it too late.)

kickback

Triple Stumper
    $400 16
Krusty

Tom
    $1,000 6
the Blue Helmets (Peacekeepers)

Emmanuel
    $600 4
Sweeney Todd

Katy
    $600 3
(Ken: That's [*] Owen.)
...
(Tom: We're not doing that, back to MUSICAL THEATER for $600.)
[Laughter]

Clive

Triple Stumper
    $600 20
the Spanish Civil War

Emmanuel
    $600 10
(Tom: Let's go for it--SOME CLOWNS MEAN WELL for $600.)
(Ken: Yes, how about some good clowns for a change. Well, not this one.)
[Laughter]

stiletto

Tom
    $600 11
(Ken: Yes, [*] apologism there.)

Pennywise

Katy
    $800 7
Yugoslavia

Katy
    $800 1
Les Misérables

Tom
    $800 24
(Katy: What is Jezebel?)
...
(Ken: [*] is in Judges, that's right.)

Delilah

TomKaty
    $800 21
Vietnam

Katy
    $800 18
coccyx

Tom
    $800 17
Cirque du Soleil

Tom
    $1000 13
nuclear energy

Tom
    $1000 2
My Fair Lady

Tom
    $1000 25
Jessica

Triple Stumper
    $1000 23
the American Revolution

Tom
    $1000 19
Babbitt

Triple Stumper
    $1000 26
Pagliacci

Tom

Scores at the first commercial break (after clue 15):

Tom Katy Emmanuel
$4,000 $2,000 $1,600

Scores at the end of the Jeopardy! Round:

Tom Katy Emmanuel
$9,000 $2,200 $3,000

Double Jeopardy! Round responses

THE 18th CENTURY
"OI"!
GOOD AS GOLD
WHO SPEAKETH IN THE KING JAMES BIBLE?
TELEVISION
FRIENDS IN DRY PLACES
    $400 30
[Ken reads "display" as "displays".]

Piracy

Tom
    $400 29
a double boiler

Tom
    $400 28
(Emmanuel: What is iron?)
...
(Ken: Even earlier--what is [*]?)

bronze

Emmanuel
Triple Stumper
    $400 10
Eve

Katy
    $400 1
The Wire

Emmanuel
    $400 16
the Tibetan Plateau

Tom
    $800 26
the Bastille

Tom
    $800 25
Hanoi

Emmanuel
    $800 24
wampum

Tom
    $800 11
John the Baptist

Tom
    $800 2
Kevin Costner

Katy
    $800 18
Australia

Emmanuel
    $1200 14
Brandenburg

Tom
    $1200 4
hoi polloi

Tom
    $1200 7
a promissory note

Katy
    $1200 12
(Ken: It is [*], to Naomi.)

Ruth

Emmanuel
    $1200 3
Toby

Tom
    $1200 19
(Tom: What's Ethiopia?)

Spain

TomEmmanuel
    $1600 15
the Enlightenment

Katy
    $1600 5
Troilus

Tom
    $1600 17
Kublai Khan

Triple Stumper
    $2,600 13
(Emmanuel: Who is Thomas?)
(Ken: Sorry, no, it is a disciple, but it's [*].)

Peter

Emmanuel
    $1600 8
Gabrielle Union

Katy
    $3,000 20
the Cascade Mountains & the Sierra Nevada

Emmanuel
    $2000 21
Nagasaki

Emmanuel
    $2000 6
adenoids

Tom
    $2000 22
specie

Triple Stumper
    $2000 27
(Katy: Who is Rachel?)
...
(Ken: It is [*] lying about his wife, Sarah.)

Abraham

Katy
Triple Stumper
    $2000 9
(Ken: That's Nathan Fielder's ingenious [*].)

The Rehearsal

Triple Stumper
    $2000 23
the Atacama

Tom

Scores at the end of the Double Jeopardy! Round:

Tom Katy Emmanuel
$20,600 $5,800 $9,400
(lock game)

[wagering suggestions for these scores]

Final Jeopardy! Round responses

TRAVEL U.S.A.
(Ken: [To Tom] Those literary names, members of the famous [*] Round Table with Dorothy Parker that met in that hotel.)
KatyWhat is the Chelsea? ♡ u H!
$0
EmmanuelWhat is the Plaza?
$6,400
TomWhat is Algonquin?
$0
Algonquin

Final scores:

Tom Katy Emmanuel
$20,600 $5,800 $3,000
2-day champion: $43,199 2nd place: $3,000 3rd place: $2,000

Game dynamics:

Coryat scores:

Tom Katy Emmanuel
$20,600 $5,800 $10,200
26 R,
2 W
10 R,
2 W
14 R
(including 2 DDs),
2 W
(including 1 DD)

Combined Coryat: $36,600

[game clues] [game scores] [suggest correction]

Game tape date: 2025-09-16
The J! Archive is created by fans, for fans. Scraping, republication, monetization, and malicious use prohibited; this site may use cookies and collect identifying information. See terms. The Jeopardy! game show and all elements thereof, including but not limited to copyright and trademark thereto, are the property of Jeopardy Productions, Inc. and are protected under law. This website is not affiliated with, sponsored by, or operated by Jeopardy Productions, Inc. Join the discussion at JBoard.tv.